000 00618nam a2200217 i 4500
001 118861
003 ES-MaACL
005 20230906191208.0
007 t|
008 070214s1912 fr r ||||1| fre d
100 1 _aPiat, Clodius (
_d1854-1918)
_991746
245 1 0 _aAristote /
_cpar Clodius Piat.
250 _a2ème éd.
260 _aParis :
_bFélix Alcan,
_c1912.
300 _aVIII, 397 p. ;
_c22 cm.
490 1 _aLes grands philosophes
600 0 4 _aAristóteles-
_xCrítica e interpretación.
_922862
830 0 _aLes grands philosophes
_9182277
852 _aES-MaACL
_jD-1642
999 _c118861
_d118861